|
|
|
|
| LEADER |
01806nam a22003257a 4500 |
| 001 |
344481 |
| 003 |
BD-DhAAL |
| 005 |
20190401155719.0 |
| 008 |
190401t2010 ii a|||| |||| 001 0 eng d |
| 999 |
|
|
|c 40707
|d 40707
|
| 020 |
|
|
|a 9788131710685
|
| 040 |
|
|
|a BD-DhAAL
|
| 082 |
|
|
|a 621.381
|2 22
|
| 100 |
|
|
|a De, Debashis
|9 30983
|
| 245 |
|
|
|a Basic electronics /
|c Debashis De ; with contributions from Kamakhya Prasad Ghatak
|
| 260 |
|
|
|a New Delhi, India :
|b Pearson,
|c c2010
|
| 300 |
|
|
|a xviii, 608 pages :
|b illustrations ;
|c 23 cm.
|
| 501 |
|
|
|a Includes index
|
| 526 |
|
|
|a MNS
|
| 541 |
|
|
|a Pankouri Book
|e 34481
|
| 650 |
|
|
|a Electronics
|9 30984
|
| 650 |
|
|
|a Electronics
|v Textbooks.
|9 30985
|
| 700 |
|
|
|a Ghatak, Kamakhya Prasad
|9 30986
|
| 852 |
|
|
|a Ayesha Abed Library
|c General Stacks
|
| 942 |
|
|
|2 ddc
|c BK
|
| 952 |
|
|
|0 0
|1 0
|2 ddc
|4 0
|6 621_381000000000000_DEB
|7 0
|9 65341
|a BRACUL
|b BRACUL
|c GEN
|d 2019-03-27
|e Pankouri Book
|g 1150.00
|l 1
|m 2
|o 621.381 DEB
|p 3010034481
|r 2024-10-01
|s 2024-09-12
|t 1
|v 1150.00
|w 2019-03-27
|y BK
|
| 952 |
|
|
|0 0
|1 0
|2 ddc
|4 0
|6 621_381000000000000_DEB
|7 0
|9 65342
|a BRACUL
|b BRACUL
|c GEN
|d 2019-03-27
|e Pankouri Book
|g 1150.00
|l 2
|m 28
|o 621.381 DEB
|p 3010034484
|r 2025-08-06
|s 2025-08-03
|t 4
|v 1150.00
|w 2019-03-27
|y BK
|
| 952 |
|
|
|0 0
|1 0
|2 ddc
|4 0
|6 621_381000000000000_DEB
|7 0
|9 65343
|a BRACUL
|b BRACUL
|c GEN
|d 2019-03-27
|e Pankouri Book
|g 1150.00
|l 0
|o 621.381 DEB
|p 3010034485
|r 2019-03-27
|t 5
|v 1150.00
|w 2019-03-27
|y BK
|
| 952 |
|
|
|0 0
|1 0
|2 ddc
|4 0
|6 621_381000000000000_DEB
|7 0
|9 65344
|a BRACUL
|b BRACUL
|c GEN
|d 2019-03-27
|e Pankouri Book
|g 1150.00
|l 2
|m 3
|o 621.381 DEB
|p 3010034483
|r 2024-07-03
|s 2024-07-01
|t 3
|v 1150.00
|w 2019-03-27
|y BK
|
| 952 |
|
|
|0 0
|1 0
|2 ddc
|4 0
|6 621_381000000000000_DEB
|7 0
|9 65345
|a BRACUL
|b BRACUL
|c GEN
|d 2019-03-27
|e Pankouri Book
|g 1150.00
|l 4
|m 30
|o 621.381 DEB
|p 3010034482
|r 2025-08-20
|s 2025-08-18
|t 2
|v 1150.00
|w 2019-03-27
|y BK
|